| 000 | 00940cam a22002771 4500 | ||
|---|---|---|---|
| 001 | 23130 | ||
| 003 | BD-RjUL | ||
| 005 | 20211209000908.0 | ||
| 008 | 140310s1950 enkbcf 000 0 eng d | ||
| 035 | _a(BD-RjUL) 23195 | ||
| 035 | _a(OCoLC)360106 | ||
| 040 |
_aMichigan. Univ. Libr. _cOAU _dNcGU _dUk _dDLC _dBD-RjUL _beng |
||
| 041 | _aeng | ||
| 082 | 0 | 4 |
_a915.3 _bDEA 1950 |
| 100 | 1 |
_aDe Gaury, Gerald. _971318 |
|
| 245 | 1 | 0 |
_aArabian journey and other desert travels / _cWith thirty-one plates from photos. by the author, three maps in the text, and an endpaper map. |
| 260 |
_aLondon : _bHarrap, _c1950. |
||
| 300 |
_a190 p. : _bplates, ports., maps. ; _c21 cm. |
||
| 504 | _aIncludes bibliographies. | ||
| 651 | 0 |
_aArabian Peninsula _xDescription and travel. _958777 |
|
| 651 | 0 |
_aIraq _xDescription and travel. _971319 |
|
| 651 | 0 |
_aKufra Oases (Libya) _971320 |
|
| 942 |
_2ddc _cBK |
||
| 999 |
_c23130 _d23130 |
||